Stanovenie arzénu rozpúšťacou chronopotenciometriou diplomová práca

Salvato in:
Dettagli Bibliografici
Autore principale: Balková, Viera
Natura: Libro
Lingua:slovacco
Pubblicazione: Bratislava STU FCHPT 2019
Accesso online:Visualizza in OPAC
Tags: Aggiungi Tag
Nessun Tag, puoi essere il primo ad aggiungerne!!

MARC

LEADER 00000nam a2200000 a 4500
005 20260127133958.0
008 190530 2019 xo a i 001 0 slo d
035 |a vtls011868341 
039 9 |y 201905301008  |z mschk03 
040 |a STUSCHK1  |b slo  |c STUSCHK1  |e AACR2 
100 1 |a Balková, Viera 
245 1 |a Stanovenie arzénu rozpúšťacou chronopotenciometriou  |b diplomová práca  |c Viera Balková 
260 |a Bratislava  |b STU FCHPT  |c 2019 
300 |a 64 s.  |b Obr., tab., grafy  |c 25 cm 
500 |a Študijný program: technická chémia 
500 |a Študijný odbor: chémia, chemické technológie 
500 |a Školiace pracovisko: Ústav analytickej chémie 
500 |a Evid. číslo: FCHPT-104542-76402 
910 |a SCHK95 
999 |c 1385  |d 1385